Wii U Games - Statistics

General Stats
  • This quiz has been taken 49 times
  • The average score is 11 of 141
Answer Stats
Answer % Correct
Mario Kart 8
67%
Super Mario 3D World
60%
New Super Mario Bros. U
58%
Nintendo Land
51%
Mario Party 10
37%
Super Smash Bros. for Wii U
33%
Splatoon
30%
Pikmin 3
28%
Wii Party U
28%
Donkey Kong Country Tropical Freeze
26%
Game & Wario
26%
Super Mario Maker
26%
Wii Fit U
26%
Wii Sports Club
26%
Animal Crossing Amiibo Festival
23%
Paper Mario Color Splash
23%
Captain Toad: Treasure Tracker
21%
ZombiU
21%
Bayonetta
19%
Mario Tennis Ultra Smash
19%
StarFox Zero
19%
Legend Of Zelda Breath Of The Wild
16%
Yoshi's Wooly World
16%
New Super Luigi Bros. U
14%
Sonic Lost World
14%
Assassin's Creed III
12%
Bayonettta 2
12%
Disney Infinity 3.0
12%
Just Dance 2014
12%
Just Dance 2016
12%
Legend Of Zelda Twilight Princess
12%
Lego Batman 3 Beyond Gotham
12%
Lego City Undercover
12%
Lego Marvel Avengers
12%
Lego Marvel Super Heroes
12%
Minecraft
12%
StarFox Guard
12%
The Wonderful 101
12%
Disney Infinity 2.0
9%
Just Dance 2015
9%
Just Dance 2017
9%
Just Dance 2018
9%
Just Dance 2019
9%
Kirby And The Rainbow Curse
9%
Legend Of Zelda The Wind Waker
9%
Lego Jurassic World
9%
Rayman Legends
9%
Sonic Boom Rise Of Lyric
9%
Xenoblade Chronicles X
9%
Legend of Zelda Hyrule Warriors
7%
Lego Dimensions
7%
Lego The Hobbit
7%
Sing Party
7%
Skylanders Imaginators
7%
Assassin's Creed IV Blackflag
5%
Lego Batman 2 DC Super Heroes
5%
Madden 13
5%
Mass Effect 3
5%
NBA 2K 13
5%
Pokken Tournament
5%
ScribbleNauts Unmasked
5%
Skylanders Giants
5%
Skylanders Spyros Adventure
5%
Skylanders Superchargers
5%
Skylanders Swap Force
5%
Skylanders Trap Team
5%
Watch Dogs
5%
Batman Arkham City Armored Edition
2%
Batman Arkham Origins
2%
Ben 10 Omniverse
2%
Call Of Duty Black Ops II
2%
Disney Infinity 1.0
2%
Epic Mickey 2 The Power Of Two
2%
FIFA Soccer 13
2%
Injustice Gods Among Us
2%
Legend Of Zelda Skyward Sword
2%
Lego Star Wars The Force Awakens
2%
Mighty No. 9
2%
Ninja Gaiden 3 Razor's Edge
2%
Shantae Half Genie Hero
2%
Sonic All Stars Racing Transformed
2%
Tokyo Mirage Sessions FE
2%
Adventure Time Explore the Dungeon Because I DONT KNOW!
0%
Adventure Time Finn & Jake Investigations
0%
Angry Birds Star Wars
0%
Angry Birds Trilogy
0%
Avengers Battle For Earth
0%
Axiom Verge
0%
Barbie & Her Sisters Puppy Rescue
0%
Brunswick Pro Bowling
0%
Cabela's Big Game Hunter Pro Hunts
0%
Cabela's Dangerous Hunts 2013
0%
Call Of Duty Ghosts
0%
Cars 3 Driven To Win
0%
Croods Prehistoric Party
0%
Darksiders II
0%
Darksiders Warmastered Edition
0%
Dragon Quest X
0%
Dragon Quest X Waking Of The Five Tribes
0%
DuckTales Remastered
0%
ESPN Sports Connection
0%
Family Party 30 Great Games
0%
Fast and Furious Showdown
0%
Funky Barn
0%
Game Party Champions
0%
Gianna Sisters Twister Dreams Directors Cut
0%
Guitar Hero Live
0%
Hello Kitty Kruisers
0%
Just Dance Disney Party 2
0%
Just Dance Kids 2014
0%
Kung Fu Panda Showdown
0%
Legend Of Zelda Spirit Tracks
0%
Lego The Lego Movie Videogame
0%
Mario & Sonic At The Rio 2016 Olympic Games
0%
Mario & Sonic At The Sochi 2014 Olympic Winter Games
0%
Minecraft Story Mode
0%
Monster Hunter 3 Ultimate
0%
Need For Speed Most Wanted U
0%
Pac Man and The Ghostly Adventures
0%
Pac Man and The Ghostly Adventures 2
0%
Phineas and Ferb Quest for Cool Stuff
0%
Planes
0%
Rabbids Land
0%
Resident Evil Revaslations
0%
Rise Of The Guardians
0%
Rodea the Sky Soldier
0%
ScribbleNauts Unlimited
0%
Shakedown Hawaii
0%
Shovel Knight
0%
Snoopy's Grand Adventure
0%
Spongebob Squarepants Plankton Robotic Revenge
0%
SteamWorld Dig
0%
SteamWorld Heist
0%
Terraria
0%
Tom Clancy's Splinter Cell Blacklist
0%
Transformers Prime
0%
Tumblestone
0%
Turbo Super Stunt Squad
0%
Wipeout 3
0%
Wipeout Create & Crash
0%
Your Shape Fitness Evolved
0%
No matching quizzes found
Score Distribution
Percent of People with Each Score
Percentile by Number Answered
Your Score History
You have not taken this quiz